000 00489nam a2200181Ia 4500
008 230711s9999||||xx |||||||||||||| ||und||
020 _a978-93-329-0270-1
041 _aENG
082 _a658.15
_bBR-P
100 _aBrealey,Richard A
245 0 _aPrinciples of corporate finance
250 _a11th Ed.
260 _c2014
_aNew Delhi
_bMcGraw Hill Education(India) Private Limited
300 _a974p.
650 _aUNIVESITY BUSNIESS SCHOOL
700 _aMyers,Stewart C
942 _cBK
999 _c5934
_d5934